00231nam a2200097Ia 4500008004100000100002000041245003300061260001800094260000900112546001200121170619s9999 xx 000 0 und d aDesai- Bipin C. 3aAn Intro to database systems bGalgotia Pub. c2004 aENGLISH